La nueva judeofobia / (Record no. 21793)
[ view plain ]
| 000 -CABECERA | |
|---|---|
| campo de control de longitud fija | 01007nam a2200217 a 4500 |
| 001 - NÚMERO DE CONTROL | |
| campo de control | 000022295 |
| 005 - FECHA Y HORA DE LA ÚLTIMA TRANSACCIÓN | |
| campo de control | 20200930011654.0 |
| 008 - DATOS DE LONGITUD FIJA--INFORMACIÓN GENERAL | |
| campo de control de longitud fija | 100922s2003 dr 001 0 spa d |
| 020 ## - NÚMERO INTERNACIONAL ESTÁNDAR DEL LIBRO | |
| Número Internacional Estándar del Libro | 847432971X |
| 040 ## - FUENTE DE LA CATALOGACIÓN | |
| Centro catalogador/agencia de origen | DO-SdBNP |
| Lengua de catalogación | spa |
| Centro/agencia transcriptor | BNPHU |
| 082 ## - NÚMERO DE LA CLASIFICACIÓN DECIMAL DEWEY | |
| Número de clasificación | xxxx |
| Número de documento/Ítem | T128n |
| 049 ## - FONDOS LOCALES (OCLC) | |
| Fondos de biblioteca | BNPD |
| 100 1# - ENTRADA PRINCIPAL--NOMBRE DE PERSONA | |
| Nombre de persona | Taguieff, Pierre Andrés |
| 9 (RLIN) | 46054 |
| 240 10 - TÍTULO UNIFORME | |
| Título uniforme | La nouvelle judéophobie |
| Lenguaje de la obra | título en francés |
| 245 13 - MENCIÓN DE TÍTULO | |
| Título | La nueva judeofobia / |
| Mención de responsabilidad, etc. | Pierre Andrés Taguieff ; traductor Tomás Fernández Aúz, Beatriz Eguibar. |
| 260 ## - PUBLICACIÓN, DISTRIBUCIÓN, ETC. | |
| Lugar de publicación, distribución, etc. | Barcelona, : |
| Nombre del editor, distribuidor, etc. | Editorial Gedisa, |
| Fecha de publicación, distribución, etc. | 2003. |
| 300 ## - DESCRIPCIÓN FÍSICA | |
| Extensión | 254 p. ; |
| Dimensiones | 23 cm. |
| 505 2# - NOTA DE CONTENIDO CON FORMATO | |
| Nota de contenido con formato | Prólogo -- Recorridos en el paisaje: los actores de la judeofobia contemporánea -- Israelofobia y palestinofobia; los senderos del odio -- El nuevo antisemitismo : construcción, contenido, funcionamiento y matamorfosis. Hacia la islencios sobre la nuea judeofobia : ¿ceguera, complacencia o connivencia? |
| 700 1# - PUNTO DE ACCESO ADICIONAL--NOMBRE DE PERSONA | |
| Nombre de persona | Fernández Aúz, Tomás |
| Término indicativo de función/relación | tr. |
| 9 (RLIN) | 11358 |
| 700 1# - PUNTO DE ACCESO ADICIONAL--NOMBRE DE PERSONA | |
| Nombre de persona | Eguibar, Beatriz |
| Término indicativo de función/relación | tr. |
| 9 (RLIN) | 11359 |
| Estado de retiro | Estado de pérdida | No para préstamo | Código de colección | Localización permanente | Ubicación/localización actual | Ubicación en estantería | Fecha de adquisición | Número de inventario | Total de préstamos | Signatura topográfica completa | Código de barras | Fecha visto por última vez | Precio válido a partir de | Tipo de ítem Koha |
|---|---|---|---|---|---|---|---|---|---|---|---|---|---|---|
| Excluido de préstamo | Patrimonio Dominicano | Patrimonio Dominicano | Patrimonio Dominicano | En catalogación | 22.09.2010 | LF1 | xxxx T128n | 22295-10 | 25.06.2020 | 25.06.2020 | Libro y Folleto Colección Patrimonio Dominicano |
